Statistics for Ireland Soccer Biggest Wins

Click here to take the quiz!

General Stats

  • This quiz has been taken 24 times
  • The average score is 8 of 14

Answer Stats

OpponentsScoreIrish ScorersTournamentRoundLevel (Age)% Correct
Gibraltar4 - 0Christie, Keane (x1+ x1 pen), LongEuro 2016 QualifcationGroup StageSenior Men
82%
Gibraltar7 - 0Robbie Keane (x2+x1 pen), McClean (x2), J. Perez (o.g), HoolahanEuro 2016 QualificationGroup StageSenior Men
82%
Northern Ireland5 - 0Ward, Robbie Keane (x2), Cathcart (o.g), Cox2011 Nations CupMatchday 2Senior Men
76%
Northern Ireland4 - 0Aldridge, Roy Keane, Sheridan, TownsendEuro 1996 QualificationGroup StageSenior Men
76%
Luxembourg4 - 0Fitzsimons (x2), Ryan (pen), Eglington1954 World Cup QualificationGroup StageSenior Men
65%
Liechtenstein0 - 5Townsend, O'Neill, Quinn (x2), Harte1998 World Cup QualificationGroup StageSenior Men
59%
Liechtenstein5 - 0Connolly (x3), Cacarino (x2)1998 World Cup QualificationGroup StageSenior Men
59%
Liechtenstein4 - 0Coyne (x2), Quinn (x2)Euro 1996 QualificationGroup StageSenior Men
59%
Malta5 - 0Robbie Keane (x2), Roy Keane, Quinn, BreenEuro 2000 QualificationGroup StageSenior Men
59%
Cyprus0 - 4Roy Keane (x2), Harte (pen), G. Kelly2002 World Cup QualificationGroup StageSenior Men
47%
Cyprus4 - 0Harte, Quinn, Connolly, Roy Keane2002 World Cup QualificationGroup StageSenior Men
47%
Israel4 - 0Grego-Cox (x2+ x1 pen), CharsleyEuro 2019 QualifcationGroup StageU21
47%
Turkey5 - 0Aldridge (x3), O'Leary, QuinnEuro 1992 QualificationGroup StageSenior Men
41%
Turkey4 - 0Givens (x4)Euro 1976 QualificationGroup StageSenior Men
41%

Score Distribution

Percentile by Number Answered

Percent of People with Each Score

Your Score History

You have not taken this quiz